Libro azul : (Registro nro. 30092)
[ vista simple ]
| 000 -LEADER | |
|---|---|
| fixed length control field | 01052cam a2200301 i 4500 |
| 001 - CONTROL NUMBER | |
| control field | 30092 |
| 003 - CONTROL NUMBER IDENTIFIER | |
| control field | Mx-PuUPA |
| 005 - DATE AND TIME OF LATEST TRANSACTION | |
| control field | 20250410124157.0 |
| 008 - FIXED-LENGTH DATA ELEMENTS--GENERAL INFORMATION | |
| fixed length control field | 140415s1984 mx ao gr 001 0 spa d |
| 040 ## - CATALOGING SOURCE | |
| Transcribing agency | Mx-PuUPA |
| Original cataloging agency | Mx-PuUPA |
| Language of cataloging | spa |
| Modifying agency | Mx-PuUPA |
| Description conventions | rda |
| 041 0# - LANGUAGE CODE | |
| Language code of text/sound track or separate title | spa |
| 043 ## - GEOGRAPHIC AREA CODE | |
| Geographic area code | n-mx--- |
| 100 10 - MAIN ENTRY--PERSONAL NAME | |
| Personal name | Ochoa, Ramiro J., |
| 9 (RLIN) | 16938 |
| Relator term | autor |
| 245 10 - TITLE STATEMENT | |
| Title | Libro azul : |
| Remainder of title | anuario histórico-cívico / |
| Statement of responsibility, etc. | Ramiro J. Ochoa |
| 264 #1 - PRODUCTION, PUBLICATION, DISTRIBUTION, MANUFACTURE, AND COPYRIGHT NOTICE | |
| Place of production, publication, distribution, manufacture | [lugar de publicación no identificado] : |
| Name of producer, publisher, distributor, manufacturer | Publicaciones Ochoa, |
| Date of production, publication, distribution, manufacture, or copyright notice | [1984?] |
| 300 ## - PHYSICAL DESCRIPTION | |
| Extent | 535 páginas : |
| Other physical details | ilustraciones, fotografías (blanco y negro) ; |
| Dimensions | 24 cm |
| 336 ## - CONTENT TYPE | |
| Fuente | rdacontent |
| Content type term | texto |
| Content type code | txt |
| 337 ## - MEDIA TYPE | |
| Source | rdamedia |
| Media type term | sin medio |
| Media type code | n |
| 338 ## - CARRIER TYPE | |
| Source | rdacarrier |
| Carrier type term | volumen |
| Carrier type code | nc |
| 650 #7 - SUBJECT ADDED ENTRY--TOPICAL TERM | |
| Source of heading or term | armarc |
| Topical term or geographic name entry element | Cronologías |
| 650 #7 - SUBJECT ADDED ENTRY--TOPICAL TERM | |
| Source of heading or term | armarc |
| Topical term or geographic name entry element | Presidentes |
| Geographic subdivision | México |
| General subdivision | Historia |
| Form subdivision | Cronología |
| 651 #4 - SUBJECT ADDED ENTRY--GEOGRAPHIC NAME | |
| Geographic name | México |
| General subdivision | Historia |
| Form subdivision | Cronología |
| 651 #4 - SUBJECT ADDED ENTRY--GEOGRAPHIC NAME | |
| Geographic name | México |
| General subdivision | Historia |
| Form subdivision | Anuarios |
| 942 ## - ADDED ENTRY ELEMENTS (KOHA) | |
| Source of classification or shelving scheme | Dewey Decimal Classification |
| Koha item type | Libro |
| Classification part | 056.1 |
| Item part | O56 |
| Withdrawn status | Lost status | Source of classification or shelving scheme | Damaged status | Not for loan | Collection code | Home library | Current library | Shelving location | Date acquired | Source of acquisition | Cost, normal purchase price | Total Checkouts | Full call number | Barcode | Date last seen | Cost, replacement price | Price effective from | Koha item type |
|---|---|---|---|---|---|---|---|---|---|---|---|---|---|---|---|---|---|---|
| Dewey Decimal Classification | General | Biblioteca Karol Wojtyla | Biblioteca Karol Wojtyla | Sala general | 03/12/2013 | Donación | 0.00 | 056.1 O56 1984 | 45712 | 05/01/2026 | 0.00 | 03/12/2013 | Libro |